000 00522nam a22001697a 4500
005 20251108175751.0
008 250721s2020 xx 000 0 ara d
082 1 4 _a810.09/خضي
100 1 _aخضير، محمد
_eمؤلف
245 1 0 _aرجع الكلام سياحة أدبية ..تأملات /
264 1 _aعمان :
_bدار دجلة ناشرون وموزعون،
_c2020.
300 _a181ص.
650 1 7 _aالادب العربي
650 1 7 _aالنقد الادبي
942 _2ddc
_cBK
999 _c141921
_d141921